01440nam0a22003011 4500001001100000005001700011021001900028035002600047100004100073101000800114102000700122105001800129200029900147210003500446215003400481225007100515300008500586320003800671606007500709701002900784701009100813701006700904702003200971712007701003801001801080801002201098852001801120rc\317017720260407120812.0 aRUb[76-71701] a(NLR Aleph) 007328499 a20120615d1976 |||y0rusy50 ca0 arus aRU aab z |||||1 aПриродные ресурсы Русской равнины в прошлом, настоящем и будущемf[С.В. Зонн, К.С. Ходашева, Р.И. Злотин и др.gОтв. ред. С.В. Зонн, А.Г. Чикишев]gАН СССР, Ин-т географии aМоскваcНаукаd1976 a379 с.cил., карт.d261 aПроблемы конструктивной географии aРед. коллегия сер.: И.П. Герасимов (пред.) и др. aСписок лит.: с. 364-377 aПриродные ресурсыyРусская равнина2psbo 1aХодашеваbК.С. 17ca8rusaЗлотинbР.И.f1940-gРоман Исаевич3RU\NLR\AUTH\770249217 1aЗоннbС.В.gСергей Владимирович4340 1aЧикишевbА.Г.434002aИнститут географииcМосква3RU\NLR\AUTH\889953196 0aRUbNLRgpsbo 1aRUbELAR2rusmarc aNLRj77-7/234